LIBRARY & INFORMATION CENTRE, KCAET, TAVANUR

ONLINE PUBLIC ACCESS CATALOGUE (OPAC)

Surveying, Volume-1 (Record no. 14843)

MARC details
000 -LEADER
fixed length control field 00293nam a22001337a 4500
020 ## - INTERNATIONAL STANDARD BOOK NUMBER
ISBN 9788189401238
082 ## - DEWEY DECIMAL CLASSIFICATION NUMBER
Classification number 624.1517
Item number ARO/SO
100 ## - MAIN ENTRY--AUTHOR NAME
Personal name Arora, K R
245 ## - TITLE STATEMENT
Title Surveying, Volume-1
250 ## - EDITION STATEMENT
Edition statement 16
260 ## - PUBLICATION, DISTRIBUTION, ETC. (IMPRINT)
Place of publication Delhi
Name of publisher Standard Book House
Year of publication 2016
300 ## - PHYSICAL DESCRIPTION
Number of Pages 690
942 ## - ADDED ENTRY ELEMENTS (KOHA)
Koha item type Books
Holdings
Withdrawn status Lost status Damaged status Collection code Home library Current library Shelving location Date acquired Source of acquisition Cost, normal purchase price Full call number Accession Number Koha item type
        KAUAET KAUAET General Stacks 30/03/2017 Neoti book Agency 480.00 624.1517 ARO/SO 25312 Books
        KAUAET KAUAET General Stacks 30/03/2017 Neoti book Agency 480.00 624.1517 ARO/SO 25313 Books
        KAUAET KAUAET General Stacks 30/03/2017 Neoti book Agency 480.00 624.1517 ARO/SO 25314 Books
free website counter